书目信息 |
| 题名: |
边值问题的Galerkin有限元法
|
|
| 作者: | 李荣华 著 | |
| 分册: | ||
| 出版信息: | 北京 科学出版社 |
|
| 页数: | 233页 | |
| 开本: | 26cm | |
| 丛书名: | 信息与计算科学丛书;34 | |
| 单 册: | ||
| 中图分类: | O175.8 | |
| 科图分类: | ||
| 主题词: | 数学分析 | |
| 电子资源: | ||
| ISBN: | 7-03-015570-X | |
| 000 | 00616nam0 2200205 450 | |
| 001 | 0762220314 | |
| 005 | 20240611174555.15 | |
| 010 | @a7-03-015570-X@d¥35.00 | |
| 100 | @a20071010d km y0chiy0120 ea | |
| 101 | 0 | @achi |
| 200 | 1 | @a边值问题的Galerkin有限元法@Abian zhi wen ti de Galerkin you xian yuan fa@f李荣华著@Fli rong hua zhu |
| 210 | @a北京@c科学出版社 | |
| 215 | @a233页@d26cm | |
| 225 | 2 | @a信息与计算科学丛书;34 |
| 410 | 0 | @12001 @a信息与计算科学丛书;34 |
| 606 | 0 | @a数学分析 |
| 690 | @aO175.8@v3 | |
| 701 | 0 | @a李荣华@Ali rong hua@4著 |
| 801 | 0 | @aCN@bPFT@c20071010 |
| 905 | @a213230@dO175.8@eS299@f1 | |
| 边值问题的Galerkin有限元法/李荣华著.-北京:科学出版社 |
| 233页;26cm.-(信息与计算科学丛书;34) |
| ISBN 7-03-015570-X:¥35.00 |
| ● |
| 相关链接 |
|
|
|
|
正题名:边值问题的Galerkin有限元法
索取号:O175.8/S299
 
预约/预借
| 序号 | 登录号 | 条形码 | 馆藏地/架位号 | 状态 | 备注 |
| 1 | 1057229 | 210572290 | 密集书库-数信学院/ [索取号:O175.8/S299] | 在馆 | |
| 2 | 6704632 | 267046323 | 密集书库-数信学院/ [索取号:O175.8/S299] | 在馆 | |
| 3 | 6704633 | 267046332 | 密集书库-数信学院/ [索取号:O175.8/S299] | 在馆 | |
| 4 | 6705255 | 267052556 | 密集书库-数信学院/ [索取号:O175.8/S299] | 在馆 | |
| 5 | 6705256 | 267052565 | 密集书库-数信学院/ [索取号:O175.8/S299] | 在馆 | |
| 6 | 6705257 | 267052574 | 密集书库-数信学院/ [索取号:O175.8/S299] | 在馆 | |
| 7 | 6705258 | 267052583 | 密集书库-数信学院/ [索取号:O175.8/S299] | 在馆 | |
| 8 | 6705259 | 267052592 | 密集书库-数信学院/ [索取号:O175.8/S299] | 在馆 |